Normal view MARC view
  • WELFORD ROSS

Entry Personal Name

Number of records used in: 2

001 - CONTROL NUMBER

  • control field: 7644

003 - CONTROL NUMBER IDENTIFIER

  • control field: OSt

005 - DATE AND TIME OF LATEST TRANSACTION

  • control field: 20221209094541.0

008 - FIXED-LENGTH DATA ELEMENTS

  • fixed length control field: 221209|| aca||aabn | a|a d

040 ## - CATALOGING SOURCE

  • Original cataloging agency: OSt
  • Transcribing agency: OSt

100 ## - HEADING--PERSONAL NAME

  • Personal name: WELFORD ROSS

670 ## - SOURCE DATA FOUND

  • Source citation: Work cat.: (OSt)12196: WELFORD ROSS , THE KID CAME FROM SPACE

Powered by Koha